Corporate control and conporte wrongdoing: a cross-national analysis of the relationship

Gespeichert in:  
Bibliographische Detailangaben
1. VerfasserIn: Chen, Chung-Wen (Verfasst von)
Medienart: Druck Buch
Sprache:Englisch
Veröffentlicht: 2007
In:Jahr: 2007
Verfügbarkeit prüfen: HBZ Gateway
Subito Bestelldienst: Jetzt bestellen.
Schlagwörter:

MARC

LEADER 00000cam a2200000 c 4500
001 1359661204
003 DE-627
005 20220527154559.0
007 tu
008 081210s2007 xx ||||| m 00| ||eng c
024 8 |a 3302663  |q Order no. 
035 |a (DE-627)1359661204 
035 |a (DE-576)28966120X 
035 |a (DE-599)BSZ28966120X 
040 |a DE-627  |b ger  |c DE-627  |e rakwb 
041 |a eng 
100 1 |a Chen, Chung-Wen  |4 aut 
245 1 0 |a Corporate control and conporte wrongdoing  |b a cross-national analysis of the relationship  |c by Chung-Wen Chen 
264 1 |c 2007 
300 |a IX, 170 S.  |b graph. Darst. 
336 |a Text  |b txt  |2 rdacontent 
337 |a ohne Hilfsmittel zu benutzen  |b n  |2 rdamedia 
338 |a Band  |b nc  |2 rdacarrier 
502 |a [Pullman], Washington State Univ., Diss., 2007 
583 1 |a Archivierung prüfen  |c 20200919  |f DE-640  |z 1  |2 pdager 
655 7 |a Hochschulschrift  |0 (DE-588)4113937-9  |0 (DE-627)105825778  |0 (DE-576)209480580  |2 gnd-content 
751 |a Pullman, Wash.  |0 (DE-588)4115669-9  |0 (DE-627)703012509  |0 (DE-576)209495111  |4 uvp 
935 |a mkri 
951 |a BO 
ELC |b 1 
LOK |0 000 xxxxxcx a22 zn 4500 
LOK |0 001 2587707897 
LOK |0 003 DE-627 
LOK |0 004 1359661204 
LOK |0 005 20081210150518 
LOK |0 008 081210||||||||||||||||ger||||||| 
LOK |0 040   |a DE-Frei85  |c DE-627  |d DE-Frei85 
LOK |0 852   |z Kopie, erschienen im Verlag Univ. Microfilms Internat., Ann Arbor, 2008 
LOK |0 852   |a DE-Frei85 
LOK |0 852 1  |m p  |9 00 
LOK |0 938   |k p 
LOK |0 939   |a 10-12-08  |b l01 
ORI |a SA-MARC-krimdoka001.raw